Music Quiz

Random Music or Singers Quiz

Figure Out The Secret Artist II Quiz Stats

 Plays Quiz Updated Oct 1, 2018

Score 0/60 Timer 15:00
1 Play Today
Clue Answer % Correct
Set 2When
94.9%
Set 1On
94.2%
Set 2Made
94.1%
Set 3I Go
93.8%
Set 2Broken
91.1%
Set 2I Just
90.3%
Set 1That
89.9%
Set 4Don't
86.7%
Set 5Me
86.5%
Set 6Out
86.4%
Set 3Still
85.8%
Set 2Want You
85.1%
Set 5Up
81.1%
Set 4My
80.5%
Set 6You Need
78.1%
Set 3If
77.8%
Set 4Break
77.7%
Set 5Now
75.7%
Set 1Flash
75.6%
Set 5Forever
75.1%
Set 2Who
75.1%
Set 6Feel
75.1%
Set 3Crazy
74.7%
Set 1Of You
73.4%
Set 6Seen
73.3%
Set 5Love Me
72.6%
Set 4The Moon
72.4%
Set 6I Got You
72.4%
Set 5Tell
69.6%
Set 1Need
68.9%
Clue Answer % Correct
Set 6Eyes
68.1%
Set 6All
67.4%
Set 1Got My
67.2%
Set 2To Know
67%
Set 5Wanna
66.7%
Set 2I Am
64.9%
Set 5Straight
64.8%
Set 1Magical
64.4%
Set 1It's So
63.7%
Set 5Do You Really
62.9%
Set 1Picture
61.4%
Set 4Walking On
60.5%
Set 3Call Me
57.9%
Set 2To Be
56.8%
Set 3Will You
49.4%
Set 4I Hope
48.3%
Set 2Everything's
47.7%
Set 3Superman
45.4%
Set 3Then
44.2%
Set 6Just To
43.5%
Set 1It's True
40.9%
Set 5Paula Abdul
39.3%
Set 2Goo Goo Dolls
38.2%
Set 6Everyone's
34.7%
Set 33 Doors Down
34.1%
Set 6Figured
33.6%
Set 4Legs
32.6%
Set 4The Police
22.7%
Set 1Lady Gaga
14%
Set 6Mike Posner
12.3%

You're not logged in!

Compare scores with friends on all Sporcle quizzes.
OR
Log In

Show Comments

Extras

Top Quizzes Today


Score Distribution

Your Account Isn't Verified!

In order to create a playlist on Sporcle, you need to verify the email address you used during registration. Go to your Sporcle Settings to finish the process.

Report this User

Report this user for behavior that violates our Community Guidelines.

Details: